000 01947nam a2200289 i 4500
001 184074
003 ES-MaACL
005 20251003163820.0
008 150304s1929 fr |||| | fre d
245 0 0 _aPatrologia orientalis.
_nTomus vicesimus /
_c[édité par] R. Graffin et F. Nau.
260 _aParis :
_bFirmin-Didot et cie, éditeurs,
_c1929.
300 _a828 p. ;
_c28 cm.
505 8 _aContiene: Moufazzal ibn Abil-Fazaïl : Histoire des Sultans Malouks. III / texte arabe publié et traduit en français par E. Blochet. - 1930 ; Fasc. 1 Les Homiliae Cathedrales de Sévère d'Antioche : traduction syriaque de Jacques d'Édesse (suite) / Homélies LXXVIII à LXXXIII éditées et traduites en français par Maurice Brière. - 1930 ; Fasc. 2 The old georgian version of the Gospel of Mark : from the Adysh Gospels with the variants of the Opiza and Tbet? Gospels / edited with a latin translation by Robert P. Blake. - 1930 ; Fasc. 3 Livre de la lampe des ténèbres et de l'exposition (lumineuse) du service (de l'Église) par Abû'l-Barakât connu sous le nom d'Ibn Kabar / texte arabe édité par Dom Louis Villecourt o.s.b.,... ; avec le concours de Mgr Eugène Tisserand,... et M. Gaston Wiet,.... - 1930 ; Fasc. 4 Le synaxaire arabe jacobite (rédaction copte). VI, Additions et corrections, Tables / par René Basset,.... - 1930
650 _aPatrística.
_915895
650 0 7 _aLiteratura cristiana primitiva
_2embne
_914529
700 1 _aMufaddal ibn Abi al-Fada'il al.
_9156205
700 1 _aBlochet, Edgar,
_d1870-1937
_9156465
700 1 _aBlake, Robert Pierpont,
_c1886-1950
_9156473
700 1 _aVillecourt, Louis.
_9156474
700 1 _aTisserand, Eugène.
_9156475
700 1 _aWiet, Gaston (
_d1887-1971)
_9156476
700 0 _aBasset, René.
_926315
700 1 _aGraffin, René,
_d1858-1941
_9156163
700 1 _aNau, François.
_985006
852 _aES-MaACL
_jG-709
999 _c184074
_d184074